ភូមិវិទ្យាសេដ្ឋកិច្ចកម្ពូជានិងអាស៊ាន (Record no. 9688)
[ view plain ]
| 000 -LEADER | |
|---|---|
| fixed length control field | 00330nam a22001217a 4500 |
| 040 ## - CATALOGING SOURCE | |
| Transcribing agency | SY |
| 082 ## - DEWEY DECIMAL CLASSIFICATION NUMBER | |
| Classification number | 330 |
| 100 ## - MAIN ENTRY--AUTHOR NAME | |
| Personal name | អ៊ូ វ័ឌី |
| 245 ## - TITLE STATEMENT | |
| Title | ភូមិវិទ្យាសេដ្ឋកិច្ចកម្ពូជានិងអាស៊ាន |
| 260 ## - PUBLICATION, DISTRIBUTION, ETC. (IMPRINT) | |
| Place of publication | NA |
| Name of publisher | អ៊ូ |
| Year of publication | NA |
| 300 ## - PHYSICAL DESCRIPTION | |
| Number of Pages | 61p. |
| 942 ## - ADDED ENTRY ELEMENTS (KOHA) | |
| Koha item type | សៀវភៅភាសាខ្មែរ |
| 952 ## - LOCATION AND ITEM INFORMATION (KOHA) | |
| Withdrawn status [LOCAL, KOHA] | 0 |
| Permanent Location | Date acquired | Koha item type | Lost status | Shelving location | Barcode | Current Location | Full call number |
|---|---|---|---|---|---|---|---|
| Library Block C | 2016-09-07 | សៀវភៅភាសាខ្មែរ | C065 | RUA042301 | Library Block C | 330 អ៊ូ NA C065 |